Fundamentals of engineering mechanics / (Record no. 32263)
[ view plain ]
| 000 -LEADER | |
|---|---|
| fixed length control field | 00506nam a22001697a 4500 |
| 008 - FIXED-LENGTH DATA ELEMENTS--GENERAL INFORMATION | |
| fixed length control field | 260427b ||||| |||| 00| 0 eng d |
| 020 ## - INTERNATIONAL STANDARD BOOK NUMBER | |
| International Standard Book Number | 9788125918653 |
| 082 00 - DEWEY DECIMAL CLASSIFICATION NUMBER | |
| Classification number | 531 |
| Item number | R1615 |
| 100 ## - MAIN ENTRY--PERSONAL NAME | |
| 9 (RLIN) | 3302 |
| Personal name | Rajasekaran, S. |
| 245 10 - TITLE STATEMENT | |
| Title | Fundamentals of engineering mechanics / |
| 250 ## - EDITION STATEMENT | |
| Edition statement | 3rd ed. |
| 260 ## - PUBLICATION, DISTRIBUTION, ETC. (IMPRINT) | |
| Place of publication, distribution, etc | Noida : |
| Name of publisher, distributor, etc | Vikas Publishing House pvt ltd, |
| Date of publication, distribution, etc | 2005. |
| 300 ## - PHYSICAL DESCRIPTION | |
| Extent | Ind2 p. |
| 650 #0 - SUBJECT ADDED ENTRY--TOPICAL TERM | |
| Topical term or geographic name as entry element | Mechanics |
| 700 ## - ADDED ENTRY--PERSONAL NAME | |
| 9 (RLIN) | 5411 |
| Personal name | Sankarasubramanian, G. |
| 942 ## - ADDED ENTRY ELEMENTS (KOHA) | |
| Item type | Books |
| Withdrawn status | Lost status | Source of classification or shelving scheme | Damaged status | Not for loan | Permanent location | Current location | Date acquired | Full call number | Barcode | Date last seen | Koha item type |
|---|---|---|---|---|---|---|---|---|---|---|---|
| IMU Kolkata | IMU Kolkata | 2026-04-27 | 531 R1615 | G01857 | 2026-04-27 | Books | |||||
| IMU Kolkata | IMU Kolkata | 2026-04-27 | 531 R1615 | G01858 | 2026-04-27 | Books | |||||
| IMU Kolkata | IMU Kolkata | 2026-04-27 | 531 R1615 | G01859 | 2026-04-27 | Books | |||||
| IMU Kolkata | IMU Kolkata | 2026-04-27 | 531 R1615 | G01860 | 2026-04-27 | Books | |||||
| IMU Kolkata | IMU Kolkata | 2026-04-27 | 531 R1615 | G01861 | 2026-04-27 | Books | |||||
| IMU Kolkata | IMU Kolkata | 2026-04-27 | 531 R1615 | G01862 | 2026-04-27 | Books | |||||
| IMU Kolkata | IMU Kolkata | 2026-04-27 | 531 R1615 | G01863 | 2026-04-27 | Books | |||||
| IMU Kolkata | IMU Kolkata | 2026-04-27 | 531 R1615 | G01864 | 2026-04-27 | Books | |||||
| IMU Kolkata | IMU Kolkata | 2026-04-27 | 531 R1615 | G01865 | 2026-04-27 | Books | |||||
| IMU Kolkata | IMU Kolkata | 2026-04-27 | 531 R1615 | G01866 | 2026-04-27 | Books | |||||
| IMU Kolkata | IMU Kolkata | 2026-04-27 | 531 R1615 | G01867 | 2026-04-27 | Books | |||||
| IMU Kolkata | IMU Kolkata | 2026-04-27 | 531 R1615 | G01868 | 2026-04-27 | Books | |||||
| IMU Kolkata | IMU Kolkata | 2026-04-27 | 531 R1615 | G01869 | 2026-04-27 | Books | |||||
| IMU Kolkata | IMU Kolkata | 2026-04-27 | 531 R1615 | G01870 | 2026-04-27 | Books | |||||
| IMU Kolkata | IMU Kolkata | 2026-04-27 | 531 R1615 | G01871 | 2026-04-27 | Books | |||||
| IMU Kolkata | IMU Kolkata | 2026-04-27 | 531 R1615 | G01872 | 2026-04-27 | Books |